000 00266nam a2200109Ia 4500
008 200302s9999 xx 000 0 und d
100 _aG. Matthess & Others
245 _aProgress in Hydrogeochemistry
260 _bSpringer Verlag
260 _c1992
300 _a544 P.,
999 _c2013
_d2013